000 00584nam a22001817a 4500
003 UPN
005 20250904192432.0
008 250901s1996 th| |||frst|| 001 0 eng d
040 _aMX-MxUPN
_bspa
_cMX-MxUPN
041 _aeng
050 _aLA902
_bI58 1996
245 _aInternational Conference on Education :
_b45th Session, Geneva, 1996 : Development of Education
260 _aBangkok, Thailand :
_bMinistry of Education
_c1996
300 _a49 páginas
650 4 _aEducación
_vCongresos
_96108
_zThailandia
902 _aMaiella Martínez / 01092025
942 _2lcc
_cFOLL
_n0
999 _c213939
_d213939